| 000 | 01289 a2200205 4500 | ||
|---|---|---|---|
| 003 | Nust | ||
| 005 | 20221011155003.0 | ||
| 010 | _a 85024467 | ||
| 020 | _a0394341228 : | ||
| 040 | _cNust | ||
| 082 | 0 | 0 | _a540,DAY |
| 100 | 1 |
_a Day ,R A _999947 |
|
| 245 | 1 | 0 |
_aGeneral chemistry _c R A Day and Ronald C Johnson |
| 250 | _a1st ed. | ||
| 260 |
_aNew York : _bRandom House, _cc1986. |
||
| 300 |
_axxvii, 1015 p., [20] p. of plates : _bill. (some col.) ; _c26 cm. |
||
| 505 | _aAtoms, Molecules And Simple Stoichiometry (Page-1), The Kinetic Molecular Theory And The Three States Of Matter (Page-33), Structure Of The Atom (Page-83), Electronic Structure Of The Atom (Page-111), The Chemical Bond (Page-143), Predicting Properties Of Molecules And Reactions (Page-175), Aqueous Solutions Of Ionic And Covalent Compounds (Page-205), Chemical Equilibrium (Page-249), Rates Of Chemical Reactions (Page-283), Equilibria In Aqueous Solutions (Page-323), Electrochemistry (Page-355), Nuclear Energy (Page-373), Theories Of Bonding (Page-393), The Chemistry Of Carbon Compounds (Page-415), Some Topics In Biochemistry (Page-445), Transition Metals (Page-481), Industrial And Environmental Chemistry (Page-513), Modern Methods Of Analysis (Page-541). | ||
| 650 | 0 | _aChemistry. | |
| 942 |
_2ddc _cBK |
||
| 999 |
_c183978 _d183978 |
||